000 00495nam a2200181Ia 4500
003 GCL
008 140319s9999 xx 000 0 ara d
040 _aGCL /
_cGCL
082 0 4 _a810.9
_bش ط
100 1 _aشكرى محمد عياد
245 1 0 _aطاغور شاعر الحب والسلام /
_cشكرى محمد عياد
300 _a119 ص
490 _a
650 0 4 _aالشعر العربى
650 0 4 _aالادب العربى
650 0 4 _aتاريخ ونقد
942 _2ddc
_cBK
999 _c38129
_d38129